| 000 | 02104nam0a2200397 4500 | ||
|---|---|---|---|
| 001 | RU\NLR\bibl\1882369 | ||
| 005 | 20250616194106.0 | ||
| 010 | _a978-5-91968-001-7 | ||
| 035 | _a(NLR Aleph) 001872129 | ||
| 090 |
_a2675805 _c2675805 |
||
| 100 | _a20120320d2010 |||y0rusy50 ca | ||
| 101 | 0 |
_arus _aeng |
|
| 102 | _aRU | ||
| 105 | _aa ||||||||| | ||
| 200 | 1 |
_aАлександра Чеснокова, Владислав Анисович _dAlexandra Chesnokova, Vladislav Anisovich _e[альбом _fавт. вступ. ст.: Сергей Левандовский, д.чл. Петров. акад. наук и искусств, доц.] _zeng |
|
| 210 |
_aСанкт-Петербург _cПетрополь _d2010 |
||
| 215 |
_a125, [3] с. _cил., цв. ил., портр. _d30 |
||
| 300 | _aЗагл. обл.: Владислав Анисович, Александра Чеснокова | ||
| 300 | _aЧасть текста на англ. яз. | ||
| 320 | _aБиблиогр. в подстроч. примеч. | ||
| 510 | 1 |
_6z17790 _aAlexandra Chesnokova, Vladislav Anisovich _zeng |
|
| 512 | 1 | _aВладислав Анисович, Александра Чеснокова | |
| 600 | 1 |
_aАнисович _bВ.Л. _f1908 - 1969 _gВладислав Леопольдович _jАльбомы _92099174 _3RU\NLR\auth\661573316 |
|
| 600 | 1 |
_aЧеснокова _bА.С. _f1908 - 1988 _gАлександра Семеновна _jАльбомы _92099172 _3RU\NLR\auth\661573315 |
|
| 686 | _aЩ143(2Р=Рус)7-8Чеснокова.я61 | ||
| 686 | _aЩ143(2Р=Рус)7-8Анисович.я61 | ||
| 700 | 1 |
_aЧеснокова _bА. С. _f1908-1988 _gАлександра Семеновна _4070 |
|
| 701 | 1 |
_aАнисович _bВ. Л. _f1908-1969 _gВладислав Леопольдович _4070 |
|
| 790 | 1 |
_6z17 _aCesnokova _bA. S. _f1908-1988 _gAleksandra Semenovna _4070 |
|
| 790 | 1 |
_6z17 _aAnisovic _bV. L. _f1908-1969 _gVladislav Leopol'dovic _4070 |
|
| 801 | 0 |
_aRU _bNLR _c20120320 _gRCR |
|
| 801 | 1 |
_aRU _bNLR _c20120320 |
|
| 830 | _aавт. по кн. | ||
| 942 | _cBOOK | ||
| 980 | _aNB | ||